Country by Road Sign - Statistics

General Stats
  • This quiz has been taken 2,681 times
  • The average score is 10 of 15
Answer Stats
Picture Answer % Correct
Japan
96%
United States
94%
Ireland
91%
China
89%
Austria
84%
Poland
78%
Taiwan
73%
Netherlands
72%
Thailand
72%
Finland
68%
eSwatini
62%
New Zealand
52%
Malaysia
34%
Senegal
34%
Uganda
12%
No matching quizzes found
Score Distribution
Percent of People with Each Score
Percentile by Number Answered
Your Score History
You have not taken this quiz